=LDR 00000nam 2200000 4500 =001 INLIS000000000059601 =005 20211117101950 =035 ##$$a 0010-1121000338 =007 ta =008 211117###########################0#ind## =020 ##$$a 978-979-001-238-7 =082 ##$$a 260 =084 ##$$a 260 Ste m =245 1#$$a Mezbah Hati /$c Stephanus Herry =250 ##$$a cet 2 =300 ##$$a 216 halaman ; $c 20 cm =650 #4$$a Agama Kristen =264 ##$$a Jakarta :$b Metanoia Publishing,$c 2011 =336 ##$$a teks$2 rdacontent =337 ##$$a lain-lain$2 rdamedia =338 ##$$a lain-lain$2 rdacarrier =990 ##$$a 30933093